| 000 | 01007cam a22002775ia4500 | ||
|---|---|---|---|
| 001 | 009569086 | ||
| 003 | EG-ScBUE | ||
| 005 | 20250515090328.0 | ||
| 008 | 950120s2013 enka f b 001 0 eng d | ||
| 020 | _a9780521670555 (volume 3 pbk. 9th printing) | ||
| 040 |
_aEG-ScBUE _beng _erda _cEG-ScBUE _dEG-ScBUE |
||
| 082 | 0 | 4 |
_a530.143 _bWEI _222 |
| 100 | 1 |
_aWeinberg, Steven, _d1933- _eauthor. _923884 |
|
| 245 | 1 | 4 |
_aThe quantum theory of fields / _cSteven Weinberg, University of Texas at Austin. |
| 250 | _aNinth printing. | ||
| 264 | 1 |
_aCambridge : _bCambridge University Press, _c2013. |
|
| 300 |
_a3 volumes : _billustrations ; _c25 cm |
||
| 336 |
_2rdacontent _atext _btxt |
||
| 337 |
_2rdamedia _aunmediated _bn |
||
| 338 |
_2rdacarrier _avolume _bnc |
||
| 504 | _aIncludes bibliographical references and index. | ||
| 505 | 0 | _aVolume 1. Foundations -- Volume 2. Modern applications -- Volume 3. Supersymmetry. | |
| 650 | 7 |
_aQuantum field theory. _2BUEsh |
|
| 655 | _vReading book | ||
| 942 |
_2ddc _cBB |
||
| 999 |
_c19520 _d19492 |
||